000 00694nam a2200205Ia 4500
003 GCL
008 140319s9999 xx 000 0 ara d
040 _aGCL /
_cGCL
082 0 4 _a001.61
_bم ن
100 1 _aمحمد السعيد خشبة
245 1 0 _aنظم المعلومات : المفاهيم التحليل التنظيم /
_cمحمد السعيد خشبة
260 _a[S.N] :
_bدار المعارف ،
_c1992
300 _a367
490 _aموسوعة المعلومات التكنولوجيا
_v0
650 0 4 _aنظم المعلومات
650 0 4 _aالمعلومات
650 0 4 _aالمعلومات نظم
650 0 4 _aالمعلومات، علم
942 _2ddc
_cBK
999 _c52451
_d52451